00512 2200205 4500001002100000005001500021035002000036007000300056008004100059020002200100082001300122084001900135100001500154245002500169250001100194260004800205300002100253650002000274990001200294INLIS00000000001709120240912093324 a0010-0924000089ta240912 g 1 ind  a978-602-03-5117-9 a899.2213 a899.2213 TER m0 aTERE Liye1 aBintang /cTere Liye acet. 3 aJakarta :bPT Gramedia Pustaka Utama,c2017 a392 hlm ;c20 cm 4aFIKSI INDONESIA a12031 a